MARC

LEADER 00000nam0a2200000 4500
001 94624
005 20231101213948.0
010 |a 5796606913 
035 |a (RuTPU)RU\TPU\book\101363 
090 |a 94624 
100 |a 20060413d1991 km y0rusy50 ca 
101 0 |a rus 
102 |a LV 
105 |a y g 001zy 
200 1 |a Сечения ядерных реакций, применяемых в нейтронно-активационном анализе  |e справочник  |f И. В. Меднис  |g Латвийская Академия наук, Институт физики 
210 |a Рига  |c Зинатне  |d 1991 
215 |a 119 с. 
320 |a Библиогр.: с. 118. 
606 1 |a Активационный анализ  |2 stltpush  |3 (RuTPU)RU\TPU\subj\1659  |9 30391 
610 1 |a химия 
610 1 |a аналитическая химия 
610 1 |a нейтронно-активационный анализ 
610 1 |a ядерные реакции 
610 1 |a сечения 
610 1 |a применение 
610 1 |a активация 
610 1 |a активационная радиометрия 
610 1 |a активационный анализ 
610 1 |a радионуклиды 
610 1 |a атомные методы 
610 1 |a поглощение 
610 1 |a концентрация 
610 1 |a справочники 
675 |a 543.52(035)  |v 3 
700 1 |a Меднис  |b И. В.  |g Иварс Волдемарович 
712 0 2 |a Латвийская Академия наук  |b Институт физики  |2 stltpush  |3 (RuTPU)RU\TPU\col\6762 
801 1 |a RU  |b 63413507  |c 20060413  |g PSBO 
801 2 |a RU  |b 63413507  |c 20230629  |g PSBO 
900 |a Радиометрия и ядерная геофизика 
942 |c BK